Ideario de Hélder Câmara /
Compilación de textos extraídos de diversos documentos de autoría del obispo brasileño Don Helder Câmara y ordenados en dieciséis temas: el hombre, subdesarrollo, comunismo, revolución, iglesia, universidad, etc. El compilador, Feliciano Blázquez Carmona afirma que el prelado no escribe libros, pero...
Salvato in:
| Autore principale: | |
|---|---|
| Altri autori: | |
| Natura: | Libro |
| Lingua: | spagnolo |
| Pubblicazione: |
Salamanca, España ;
Sígueme,
1975, c1974
|
| Edizione: | 2a edición |
| Serie: | (Pedal ;
21) |
| Soggetti: | |
| Tags: |
Nessun Tag, puoi essere il primo ad aggiungerne!!
|
MARC
| LEADER | 00000nam^a2200000^a^4500 | ||
|---|---|---|---|
| 001 | 000380391 | ||
| 005 | 20250521000000.0 | ||
| 009 | 20260310120559.936 | ||
| 020 | |a 84-301-0585-9 | ||
| 037 | |a Acervo Xavier Clavigero | ||
| 041 | |a ESP | ||
| 082 | |a 261. |b CAM | ||
| 100 | |a Câmara, Dom Hélder |e (autor) | ||
| 245 | 1 | 0 | |a Ideario de Hélder Câmara / |c D.H. Câmara ; comp. de F. Blázquez Carmona. |
| 250 | |a 2a edición | ||
| 264 | 4 | |a Salamanca, España ; |b Sígueme, |c 1975, c1974 | |
| 300 | |a 231 p. | ||
| 336 | |a texto |b txt |2 rdacontenido | ||
| 337 | |a sin mediación |b n |2 rdamedio | ||
| 338 | |a volumen |b nc |2 rdasoporte | ||
| 440 | 1 | |a (Pedal ; |v 21) | |
| 520 | |a Compilación de textos extraídos de diversos documentos de autoría del obispo brasileño Don Helder Câmara y ordenados en dieciséis temas: el hombre, subdesarrollo, comunismo, revolución, iglesia, universidad, etc. El compilador, Feliciano Blázquez Carmona afirma que el prelado no escribe libros, pero de su abundante documentación y de su labor pastoral se extrae este ideario del que es considerado la conciencia que habla cuando todos callan, el profeta que no abandona a su pueblo, la voz de los débiles, el grito del pobre, entre otros títulos. | ||
| 561 | |a Ex libris de Instituto de Literatura Puente Grande, Jal. | ||
| 561 | |a Ex libris de Biblioteca Juniorado San José | ||
| 649 | |a XX | ||
| 650 | |a Obispos de Brasil | ||
| 650 | |a Hombre | ||
| 650 | |a Jóvenes - |z Latinoamérica | ||
| 650 | |a Minorías - |z Latinoamérica | ||
| 650 | |a Iglesia Católica en Latinoamérica | ||
| 650 | |a Pobreza - |z Latinoamérica | ||
| 650 | |a Justicia e Injusticia - |z Latinoamérica | ||
| 650 | |a Subdesarrollo - |z Latinoamérica | ||
| 650 | |a Violencia - |z Latinoamérica | ||
| 650 | |a Pacifismo - |z Latinoamérica | ||
| 650 | |a Universidades - |z Latinoamérica | ||
| 650 | |a Capitalismo - |z Latinoamérica | ||
| 650 | |a Socialismo - |z Latinoamérica | ||
| 650 | |a Comunismo - |z Latinoamérica | ||
| 650 | |a Teología Social | ||
| 650 | |a Teología de la Liberación - |x Tema Principal | ||
| 650 | |a Catolicismo | ||
| 650 | |a Cristianismo | ||
| 650 | |a Religión | ||
| 650 | |a Câmara, Dom Hélder - |x Tema Principal | ||
| 700 | |a Blázquez Carmona, Feliciano |e (compilación) | ||
| 910 | |a Fondo General | ||
| 920 | |a Impresos - Libros | ||
| 930 | |a Colección General | ||
| 905 | |a 101 | ||
| 901 | |a 003950 |b IT1 |c ACC |u 20250521 | ||
| 902 | |a https://opac.biblio.iteso.mx/vufind/Record/000380391 | ||